00818nam a2200217 a 450000100100000000500170001000800410002702000150006804000250008304100380010808200140014610000340016024000400019424500980023426000470033230000210037953400620040004900090046295201120047199900170058300002541820200930023756.0100702s1979 xxuab r 000 |aspa d a0311036643 aDO-SdBNPbspacBNPHU aspaheng2Código de idioma MARC axxxbK44f1 aKeyes , Nelson Beecher952022 0aStory of the bible worldlEspañol13aEl fascinante mundo de la biblia :bcon mapas, texto e ilustraciones /cNelson Beecher Keyes. a[Estados Unidos ] :bMundo Hispano,c1979. a216 p. ;c26 cm. aTítulo original en inglés :tStory of the bible world aBNGR 001050718MOaGRbGRcCTd2011-02-15iLF1l0oxxx K44fp25418-10r2020-06-25w2020-06-25y1ZNo se presta c24910d24910